000 01038nam a22002417a 4500
005 20240530110629.0
008 170111s2015 ua a g b 000 0 ara d
017 _a1924/2014
_bمصر. دار الكتب
020 _a9789772739028
040 _aEG-CaGPL
_cEG-CaGPL
082 0 4 _221
_a158.7\
_bح م
100 0 _aحزم على عبدالواحد وافى
245 1 0 _aمعلمات رياض الاطفال بين الضغوط و الرضا عن العمل /
_cاعداد حزم على عبدالواحد وافى ، سماح محمد محمد حسين
260 _aالاسكندرية :
_bدار المعرفة الجامعية ،
_c2015.
300 _a278 ص. :
_bجداول ؛
_c24 سم +
_eملاحق.
504 _aيشتمل على ارجاعات ببليوجرافية
650 0 7 _2qrmak
_aالعمل
_xالجوانب النفسية
650 0 7 _2qrmak
_aالمدرسون
_xعلم نفس
650 0 7 _2qrmak
_aرياض الاطفال
651 _2qrmak
942 _2ddc
_cBK
999 _c63208
_d63208